000 01565nam a2200337 c 4500
999 _c185233
_d185233
003 BLK
005 20220722160931.0
008 180411b bul|||||r ||||||| ||bul||
010 _aKNG00194226000
040 _aBLK
041 _aBUL
_cBUL
080 _aОбувна промишленост
_b685.3
_x(075.8)
_z685.3(075.8)
100 1 _aИванов, Крум Ат.
_eпърви автор
_9343757
139 _aИванов, Крум Ат. и др.
_bИ 21
245 1 0 _aОбувни машини
_bУчебник за II курс на техникумите по обувно производство : Ч. 1 -
_cКрум Ат. Иванов; съавт. Христо К. Стоименов; съавт. Никола Д. Глушков.
_nЧ. 1
250 _a5. прераб. изд.
257 _aBGR
260 _bТехника
_c1973 -
_fВраца : В. Александров
_aСофия
300 _c23 см
380 _a62
500 _a1. изд. 1958. - Предходните изд. предназначени за II и III курс. - 1 560 тир.
650 4 _aОбувна промишленост - България
_9164583
700 1 _aСтоименов, Христо К.
_eсъавт.
_9343758
700 1 _aГлушков, Никола Д.
_eсъавт.
_9343759
760 1 _aИванов, Крум Ат.
_b5. прераб. изд.
_d1973
_h355 с.: с ил., 5 л. сх.
_tЧ. 1
852 _aЦб 66850
856 4 _qpdf
856 4 _qpdf
942 _cKNG
_n0
_s1
944 _aCR
_c21.10.2016
_kГрета_Цуфелде
944 _aED
_c21.10.2016
_kГрета_Цуфелде
999 _d185233